| 000 | 00907cam a22002415a 4500 | ||
|---|---|---|---|
| 008 | 161030b xxu||||| |||| 00| 0 eng d | ||
| 020 | _a9789814704304 | ||
| 040 |
_bENG _dEG-ScBUE |
||
| 082 | 0 | 4 |
_a332.015195 _222 _bTIN |
| 100 | 1 |
_aTing, Christopher Hian Ann, _eauthor. |
|
| 245 | 1 | 3 |
_aAn introduction to quantitative finance : _ba three-principle approach / _cChristopher Hian Ann Ting. |
| 250 | _a1st ed. | ||
| 260 |
_aNew Jersey : _bWorld Scientific ; _cc. 2016. |
||
| 300 |
_axxiii, 248 p. : _c24 cm. _bill. ; |
||
| 504 | _aIncludes bibliographical references and index. | ||
| 590 | _ashima | ||
| 650 | 7 |
_aFinance _xMathematical models. _2BUEsh |
|
| 651 | _2BUEsh | ||
| 653 |
_bBUSADM _cOctober2016 |
||
| 906 |
_a7 _bcbc _corignew _d1 _eecip _f20 _gy-gencatlg |
||
| 942 | _2ddc | ||
| 999 |
_c22896 _d22868 |
||